LIBRARY & INFORMATION CENTRE, KCAET, TAVANUR

ONLINE PUBLIC ACCESS CATALOGUE (OPAC)

Environmental engineering Part-1,2 / (Record no. 6780)

MARC details
000 -LEADER
fixed length control field 00652cam a2200265ua 4500
041 ## - LANGUAGE CODE
Language code of text/sound track or separate title eng
082 ## - DEWEY DECIMAL CLASSIFICATION NUMBER
Classification number 628
Item number PAN/EN
100 ## - MAIN ENTRY--AUTHOR NAME
Personal name Pandey, G N .
245 ## - TITLE STATEMENT
Title Environmental engineering Part-1,2 /
250 ## - EDITION STATEMENT
Edition statement 1 /
260 ## - PUBLICATION, DISTRIBUTION, ETC. (IMPRINT)
Place of publication New Delhi :
Name of publisher Tata Mc-Graw Hill Publishing Company ,
Year of publication 1989.
300 ## - PHYSICAL DESCRIPTION
Number of Pages 455 ; .
500 ## - GENERAL NOTE
General note * CSS
700 1# - ADDED ENTRY--PERSONAL NAME
Personal name Carney, G C .
942 ## - ADDED ENTRY ELEMENTS (KOHA)
Koha item type Books
Holdings
Withdrawn status Lost status Damaged status Home library Current library Date acquired Full call number Accession Number Koha item type
Withdrawn     KAUAET KAUAET 07/04/2012 628 PAN/EN 12677 Books
      KAUAET KAUAET 07/04/2012 628 PAN/EN 18900 Books
      KAUAET KAUAET 07/04/2012 628 PAN/EN 19036 Books
free website counter